| 000 | 00000nam##2200000za#4500 |
| 001 | 9.603919 |
| 003 | CaOODSP |
| 005 | 20210624211319 |
| 007 | cr ||||||||||| |
| 008 | 150406|1997||||xxc|||||o f|0| 0 fre|d |
| 040 | |aCaOODSP|bfre |
| 043 | |an-cn--- |
| 086 | 1 |aH42-2/67-13-1997F-PDF |
| 110 | 1 |aCanada.|bSanté Canada. |bDirection des produits thérapeutiques. |
| 245 | 10|aCalendrier des études d'innocuité non cliniques pour la conduite d'essais cliniques de produits pharmaceutiques sur les sujets humains : |h[ressource électronique]|bdirective tripartite harmonisée de la CIH, Conférence internationale sur l'harmonisation des exigences techniques relatives à l'homologation des produits pharmaceutiques à l'usage humain / |cPublié avec l'autorisation du ministre de la Santé. |
| 260 | |aOttawa - Ontario : |bSanté Canada. |cLe 18 juin 1998, c1997. |
| 300 | |a21p.|bréférences, tableaux |
| 490 | 1 |aDirectives de la Direction des produits thérapeutiques |
| 500 | |aLe n° de catalogue (H42-2/67-13-1997F) et l'ISBN (ISBN 0-662-26386-3) de l'édition imprimée ont été incorrectement copiés dans l'édition électronique. |
| 546 | |aComprend du texte en anglais. |
| 590 | |a12-21-Supp|b2012-05-18 |
| 691 | 07|aPharmacologie|2gcpds |
| 691 | 07|aToxicologie|2gcpds |
| 775 | 08|tTiming of non-clinical safety studies for the conduct of human clinical trials for pharmaceuticals : |w(CaOODSP)9.573944 |
| 776 | 0#|tDirective tripartite harmonisée de la CIH: calendrier des études d'innocuité non cliniques pour la conduite d'essais cliniques de produits pharmaceutiques sur les sujets humains : |w(CaOODSP)9.624612 |
| 830 | #0|aDirectives de la Direction des produits thérapeutiques.|w(CaOODSP)9.503316 |
| 856 | 40|ahttp://publications.gc.ca|qPDF|s48 Ko|uhttps://publications.gc.ca/collections/Collection/H42-2-67-13-1997F.pdf |